| 000 | 00557nam a22001937a 4500 | ||
|---|---|---|---|
| 005 | 20150911150022.0 | ||
| 010 | _aENG-113933 | ||
| 020 |
_c400.00 _a9789350450826 |
||
| 035 | _aEN-97465 | ||
| 037 |
_bDBAD/PUB _adpl |
||
| 082 | _a881 | ||
| 100 | _aMerchant, Hoshang | ||
| 245 |
_aCollected works / _cby Hoshang Merchant |
||
| 260 |
_aCalcutta _bWriters Workshop _c2014 |
||
| 270 |
_a162/92, Lake Gardens, _bCalcutta _e700045 |
||
| 300 |
_aV.3(241p.) _c22cm(Hb) |
||
| 505 | _aV.3-Place / name, a sextet | ||
| 942 |
_2ddc _cEN _mMER _h881 |
||
| 999 |
_c96496 _d96496 |
||